01884nlm0 22002051i 450 001001300000006001900013007001500032008004100047020001800088040000800106100004100114245005200155260001200207260003000219300001100249520114900260856009301409856009601502856008001598HARMA 215855m g0 d cr mn ---auama260513c go d fre  a9782336547053 bfre0 aOliver Salas Herrera, Perrine Boutin aLes inégalités de représentation à l'écran aParis : bEditions L'Harmattan a262 p. aQuels préjugés et/ou stéréotypes ont été encouragés ou sont encore présents sur nos écrans ? Les sociétés qui prônent la démocratie et l’égalité nous offrent-elles une représentation audiovisuelle équilibrée et juste des membres qui les composent ?<br>Les inégalités de représentation à l’écran propose une réflexion à partir de diverses disciplines des sciences humaines et sociales pour promouvoir l’éducation aux médias. Ces pages présentent certaines communications qui se sont tenues lors du colloque du même nom, à l’université Sorbonne Nouvelle, les 5 et 6 décembre 2023.  <br>Les sept articles analysent des inégalités telles que : les discriminations envers les femmes, les personnes LGBT+, la glottophobie, les classes sociales… Enfin, le dernier chapitre du livre retranscrit les propos échangés lors de la table ronde organisée durant ce colloque, où des représentant·es d’ONU Femmes France, de SOS Homophobie et du CRAN - Conseil Représentatif des Associations Noires -, apportent un point de vue social sur la gravité des inégalités, au-delà de l’écran.40uhttps://www.editions-harmattan.fr/catalogue/couv/9782336547053r.jpg2Image de couverture40uhttps://www.harmatheque.com/downloadebook/97823365470532Télécharger le livre au format PDF40uhttps://www.harmatheque.com/readebook/97823365470532Lire ce livre en ligne